县级行政区知识问答#28 明溪县 Mingxi Multiple-choice - Statistics

General Stats
  • This quiz has been taken 3 times
  • The average score is 6 of 10
Answer Stats
Question Answer % Correct
明溪县隶属于哪个地级市? 三明市
100%
明溪县建县的直接历史背景与哪次农民起义相关? 邓茂七起义
100%
明溪县地形的主要特征是? 山地丘陵为主
100%
明溪县著名景点“滴水岩”的别称是? 玉虚洞
100%
“闽学四贤”中出生于明溪县的是? 杨时
100%
明溪县侨胞主要分布在哪些国家? 欧洲国家
67%
明溪县被称为“中国四大蓝宝石产地”之一,与之并称的不包括哪一个? 黑龙江穆棱
0%
明溪县君子峰保护区的代表性鸟类是? 黄腹角雉
0%
第二次国内革命战争时期,明溪属于哪个苏区? 中央苏区
0%
明溪县交通干线包括哪条高速公路主线? G72泉南高速
0%
No matching quizzes found
Score Distribution
Percent of People with Each Score
Percentile by Number Answered
Your Score History
You have not taken this quiz